Combat Aircraft : (Record no. 593552)

000 -LEADER
fixed length control field 00446nam a22001457a 4500
020 ## - INTERNATIONAL STANDARD BOOK NUMBER
International Standard Book Number 9788854034488
040 ## - CATALOGING SOURCE
Transcribing agency NUST
082 ## - DEWEY DECIMAL CLASSIFICATION NUMBER
Classification number 623.746 NIC
100 ## - MAIN ENTRY--PERSONAL NAME
Personal name Niccoli, Riccardo
9 (RLIN) 109946
110 ## - MAIN ENTRY--CORPORATE NAME
Corporate name or jurisdiction name as entry element Manferto, Marco De Fabianis
9 (RLIN) 109947
245 ## - TITLE STATEMENT
Title Combat Aircraft :
Remainder of title The Legendary Models from World War 1 to The present Day
260 ## - PUBLICATION, DISTRIBUTION, ETC.
Place of publication, distribution, etc. Italy:
Name of publisher, distributor, etc. White Star Publishers,
Date of publication, distribution, etc. 2017.
650 ## - SUBJECT ADDED ENTRY--TOPICAL TERM
Topical term or geographic name entry element Airplanes, Military
9 (RLIN) 109948
942 ## - ADDED ENTRY ELEMENTS (KOHA)
Source of classification or shelving scheme
Koha item type Book
Holdings
Withdrawn status Lost status Source of classification or shelving scheme Damaged status Not for loan Permanent Location Current Location Shelving location Date acquired Total Checkouts Full call number Barcode Date last seen Price effective from Koha item type
          College of Electrical & Mechanical Engineering (CEME) College of Electrical & Mechanical Engineering (CEME) General Stacks 03/07/2023   623.746 NIC CEME-50384 03/07/2023 03/07/2023 Book
© 2023 Central Library, National University of Sciences and Technology. All Rights Reserved.